00407 2200157 4500001002100000008004100021035002000062245005200082100001700134260003200151020002200183084001400205082000800219650001000227990001200237INLIS000000000003337 ind  a0010-0226000003 aPainting Warriors Vol. 2 ( Komik )cSun Wei Jun aJun, Sun Wei aJakartabPT. Gramediac2014 a978-602-266-565-6 a741 JUN p a741 aKomik a0754512